000 00345nam a2200157Ia 4500
003 OSt
005 20240102050106.0
008 170524s9999 xx 000 0 und d
020 _a9788126526246
040 _cIIMT UNIVERSITY
100 _aSINHA PIYUSH
100 _c2012
245 0 _aMANAGING RETAILING
260 _aOXFORD
942 _2ddc
_c02
999 _c2771
_d2771